1561 1330 1308 1656 1374 1458 1043 1165 1294 1551 1610 1240 1929 1285 1004 1008 1284 1515 1888 1838 1254 1504 1537 1068 1307 1597 1220 1701 1090 1452 1732 1660 1800 1610 1345 1948 1743 1898 1119 1110 1586 1343 1544 1956 1030 1729 1869 1779 1564 1355 1836 1509 1754 1858 1374 1300 1675 1767 1688 1854 1130 1480 1972 1668 1647 1444 1326 1060 1360 1954 1886 1694 1898 1780 1183 1304 1216 1313 1043 1722 1004 1172 1118 1409 1150 1213 1617 1597 1368 1101 1010 1865 1189 1413 1159 1923 1301 1493 1328 BCNSPRNW ULIB Ver.6.0+V

เปลี่ยนเป็นภาษาไทย

Change to English
 แสดงรายละเอียดบรรณานุกรม
  กลับหน้าหลัก

Brief Record : Get Marc (ISO 2709) : E-mail record : QR code < ปิดหน้าต่าง
LEADER : 00000nam 2200000uu 4500
001    13399123537
003     ULIB
008    020711s2556 th a 000 0 tha d
020    9786162711008
060    WS205^bก721
100    กมลวิช เลาประสพวัฒนา ;^eบรรณาธิการ
245    กุมารเวชศาสตร์ฉุกเฉิน =^bPediatric Emergencies/^cบรรณาธิการ ; กมลวิช เลาประสพวัฒนา,นครินทร์ ตนคลัง,มณีรัตน์ ภูวนันท์และสมจิตร์ จารุรัตนศิริกุล
250    พิมพ์ครั้งที่ 3
260    สงขลา :^bหน่วยผลิตตำรา คณะแพทยศาสตร์ มหาวิทยาลัยสงขลานครินทร์,^c2556
300    270 หน้า;^b29.5 ซม.
650    กุมารเวชศาสตร์
650    ภาวะฉุกเฉน^xทารก
650    ภาวะฉุกเฉน^xเด็ก
650    Peadiatric
650    Emergencies^xin infancy&childhood
700    นครินทร์ ตนคลัง ;^eบรรณาธิการ
700    มณีรัตน์ ภูวนันท์ ;^eบรรณาธิการ
700    สมจิตร์ จารุรัตนศิริกุล ;^eบรรณาธิการ
945    ^p300^l0^i21026
945    ^p300^l0^i21027
945    ^p300^l0^i21028
945    ^p300^l0^i21029
945    ^p300^l0^i21030
รายการนี้ยังไม่มีแท็ก
คุณยังไม่ได้ล็อกอิน คุณสามารถมีกิจกรรมร่วมกับเว็บไซต์ได้ แต่ต้องล็อกอินก่อน ::
  ล็อกอิน

รายการสื่อสารสนเทศ

ลำดับที่ ประเภท เลขเรียก/บาร์โค้ด สถานที่ สถานะ
1. วิทยาศาสตร์การแพทย์ และสุขภาพ
วิทยาศาสตร์การแพทย์ และสุขภาพ
สถานะ=หนังสือเก่า
WS205 ก721 ฉ.1 
  Barcode: 21026
ห้องสมุดวิทยาเขตนครสวรรค์
►ส่วนจัดเก็บหนังสือเก่า นว.
บนชั้น
  ขอยืม
2. วิทยาศาสตร์การแพทย์ และสุขภาพ
วิทยาศาสตร์การแพทย์ และสุขภาพ
สถานะ=หนังสือเก่า
WS205 ก721 ฉ.2 
  Barcode: 21027
ห้องสมุดวิทยาเขตนครสวรรค์
►ส่วนจัดเก็บหนังสือเก่า นว.
บนชั้น
  ขอยืม
3. วิทยาศาสตร์การแพทย์ และสุขภาพ
วิทยาศาสตร์การแพทย์ และสุขภาพ
สถานะ=หนังสือเก่า
WS205 ก721 ฉ.3 
  Barcode: 21028
ห้องสมุดวิทยาเขตนครสวรรค์
►ส่วนจัดเก็บหนังสือเก่า นว.
บนชั้น
  ขอยืม
4. วิทยาศาสตร์การแพทย์ และสุขภาพ
วิทยาศาสตร์การแพทย์ และสุขภาพ
สถานะ=หนังสือเก่า
WS205 ก721 ฉ.4 
  Barcode: 21029
ห้องสมุดวิทยาเขตนครสวรรค์
►ส่วนจัดเก็บหนังสือเก่า นว.
บนชั้น
  ขอยืม
5. วิทยาศาสตร์การแพทย์ และสุขภาพ
วิทยาศาสตร์การแพทย์ และสุขภาพ
สถานะ=หนังสือเก่า
WS205 ก721 ฉ.5 
  Barcode: 21030
ห้องสมุดวิทยาเขตนครสวรรค์
►ส่วนจัดเก็บหนังสือเก่า นว.
บนชั้น
  ขอยืม

รายการใกล้เคียง
    หัวเรื่อง [กุมารเวชศาสตร์]
    หัวเรื่อง [Peadiatric]

BibComment


ยังไม่เคยถูกคอมเมนท์

คอมเมนท์ทรัพยากรรายการนี้
  คอมเมนท์: กุมารเวชศาสตร์ฉุก..


 Copyright 2026. Bcnsprnw @Library